000 00300nam a2200121Ia 4500
008 191201s2011 xx 000 0 und d
100 _aHUSAIN, Farooq
245 0 _aText book of Signals and Systems
260 _aN. Delhi
_bUmesh Pub
_c2011
300 _a705
650 _aB.Tech(ECE)
942 _2ddc
_cBK
999 _c6355
_d6355